[Event "II Torneo Paterna-B 2021"]
[Site "Paterna"]
[Date "2021.10.18"]
[Round "4.1"]
[White "Gimeno Higueras, Roberto"]
[Black "Luque Saiz, Andres"]
[Result "0-1"]
[WhiteElo "2166"]
[BlackElo "2307"]
[Annotator "TA"]
[PlyCount "104"]
[EventDate "2021.10.18"]
[EventType "tourn"]
[EventCountry "ESP"]
[SourceTitle "playchess.com"]
[Source "ChessBase"]
[SourceQuality "1"]

{[%evp 9,104,0,8,8,20,25,31,18,42,8,41,45,41,47,68,42,55,59,57,0,0,0,0,-8,-10,-28,0,-55,-41,-104,-95,-166,-108,-177,-106,-189,-52,-207,-200,-417,-237,-536,-559,-502,-247,-460,-215,-192,-182,-325,-173,-218,-219,-251,-192,-287,-233,-385,-384,-355,-201,-488,-275,-516,-127,-415,-96,-137,491,492,398,20,22,-191,-188,-682,-233,-208,-125,-123,-130,-246,-167,-1694,-82,-145,-152,-542,-528,-29990,15,-29991,-29992,-29996,-29995,-29997,-29998]} 1. e4 c6 2. d4 d5 3. exd5 cxd5 4. Nf3 Nc6 5. h3 Nf6 6. Bd3 {B13: Caro-Kann: Exchange Variation and Panov-Botvinnik Attack.} Qc7 7. O-O e6 8. Bg5 {White is slightly better.} Be7 9. Re1 O-O 10. c3 {[#]} a6 $146 ({Predecessor:} 10... b6 11. Nbd2 Bb7 12. Qc2 h6 13. Bh4 Rac8 14. Rac1 Ne8 15. Bxe7 Qxe7 16. Qd1 Nd6 {1-0 (32) Baeumlin,F (2010)-Dury,R (1690) St Chely d'Aubrac 2004}) 11. Nbd2 b5 12. Nf1 Bb7 13. Ng3 b4 14. Bc2 (14. Rc1 $14) 14... bxc3 15. bxc3 a5 16. Bxf6 Bxf6 17. Nh5 {And now Qd3 would win.} Be7 18. Ne5 (18. Qd3 $11 g6 19. Rab1) 18... Nxe5 $15 19. Rxe5 (19. dxe5 $15 g6 20. Re3) 19... g6 $17 20. Qd3 Ba6 (20... Ra6 $19 21. Qe3 Kh8) 21. Qg3 (21. Qe3 $17 Kh8 22. Re1 (22. Qh6 $2 Rg8 $19)) 21... Kh8 ({Better is} 21... Rfb8 $19 22. Rae1 Rb2) 22. Qf4 Rae8 ({Black should try} 22... Qxc3 $19 23. Rc1 Qb2) 23. Qh6 $2 Rg8 $19 24. Ng3 $2 (24. Rc1 {was worth a try.}) 24... Bf6 (24... Qxc3 $142 25. Rc1 Ba3 26. Bxg6 Qxc1+ 27. Qxc1 Bxc1 28. Bxf7 Bb2) 25. Qf4 $2 (25. Re3 {was necessary.}) 25... Bxe5 26. dxe5 f6 (26... Qxc3 $142 27. Rc1 Rc8) 27. Re1 (27. Qxf6+ {was the only chance.} Qg7 28. Qxg7+ Kxg7 29. Bd1) 27... fxe5 (27... Qxc3 $142 28. Rd1 Qxe5) 28. Rxe5 Rgf8 29. Qe3 (29. Qd4 $142 Kg8 30. Ba4) 29... Qf7 (29... Rc8 $142 30. Rxe6 Qxc3 31. Bxg6 Qxe3 32. fxe3 Bc4) 30. f3 Qf4 31. Qe1 Bc8 32. Bb3 (32. Nh1 {was called for.}) 32... Rd8 33. Kf2 $2 (33. a3) 33... a4 34. Bc2 a3 (34... Bd7 $142 35. Re2 Rb8) 35. Qe2 $2 {[#]} (35. Bb3 {keeps fighting.}) 35... Qc4 (35... Ba6 $142 $1 {[%mdl 512]} 36. Qe1 Rb8 37. Rxe6 Bc4) 36. Qe3 (36. Qxc4 dxc4 37. Nf1) 36... Qc7 $2 (36... Qxa2 $19 {and Black stays clearly on top.} 37. Qd4 Qc4 38. Qxc4 dxc4) 37. h4 $2 {[%mdl 8192]} (37. Ne2 $17) 37... Qf7 $2 (37... d4 $19 {is more deadly.} 38. Qg5 d3) 38. h5 {and if hxg6 works, White does fine.} Kg7 {[%mdl 8192]} (38... Qf4 $17 {and life is bright. aiming for ...Qxe3+.} 39. Qxf4 Rxf4 40. hxg6 hxg6 41. Bxg6 Rc4) 39. hxg6 $18 hxg6 {[#]} 40. Qg5 ({Less strong is} 40. Rg5 Qc7 $18) (40. Nh5+ $1 $18 {[%mdl 512]} Kh8 (40... Kh7 41. Rg5) 41. Rg5 $1) 40... Rh8 $1 $11 {[#]} 41. Re3 $2 (41. Bxg6 $1 $11 {and White is okay.} Qf6 42. Nh5+ Rxh5 43. Bxh5+ Qxg5 44. Rxg5+ Kf8 45. Rg4) 41... Qf6 $19 42. Qg4 (42. Qxf6+ Kxf6 43. c4) 42... e5 $2 (42... Rh4 43. Bxg6 Rxg4 44. Nh5+ Kxg6 45. Nxf6 Rh4) 43. Qb4 d4 44. cxd4 Rxd4 45. Qc3 (45. Qxa3 $17 Rhd8 46. Kg1) 45... Rhd8 46. Ne4 $2 (46. Bd3) 46... Qf7 $2 (46... Qh4+ $19 {has better winning chances.} 47. Ke2 Ba6+ 48. Rd3 Rxd3 49. Bxd3 Bxd3+ 50. Qxd3 Rxd3 51. Kxd3 Qd8+ 52. Kc2 Qb8) 47. Bb3 (47. Qc5 $142 R4d5 48. Qxa3) 47... Qe7 $17 {White must now prevent ...Qh4+.} 48. g4 $2 (48. Kg1 $17 {is more resistant.}) 48... Bb7 $19 {Hoping for ...Qh4+.} 49. Nc5 {With the idea Ne6+.} Rd2+ $2 (49... Qh4+ {mates} 50. Kg1 {[#]} Rd1+ $1 {[%mdl 512]} 51. Bxd1 Rxd1+ 52. Re1 Rxe1+ 53. Qxe1 Qxe1+ 54. Kh2 Qe2+ {[%mdl 64] Double Attack} 55. Kh3 Qxf3+ 56. Kh4 Bc8 57. Nd7 Bxd7 58. Kg5 Qxg4#) 50. Re2 $2 {[%mdl 8192]} (50. Kg3 $11 Kh7 51. Ne6) 50... Qh4+ {Black mates.} 51. Kf1 Qh3+ 52. Kf2 Qh2+ {What a bad dream for White.  Weighted Error Value: White=1.41/Black=1.19} 0-1

[Event "II Torneo Paterna-B 2021"]
[Site "Paterna"]
[Date "2021.10.18"]
[Round "4.2"]
[White "Kovacevic, Slobodan"]
[Black "Nihal Sarin"]
[Result "0-1"]
[WhiteElo "2221"]
[BlackElo "2652"]
[Annotator "TA"]
[PlyCount "95"]
[EventDate "2021.10.18"]
[EventType "tourn"]
[EventCountry "ESP"]
[SourceTitle "playchess.com"]
[Source "ChessBase"]
[SourceQuality "1"]

{[%evp 17,95,-27,-11,-18,-17,-26,-9,-18,-13,-16,-13,-13,-11,-13,-12,-18,-11,-22,-19,-25,0,0,0,-4,6,-4,-4,0,0,-23,-16,-26,-23,-37,-33,-19,-19,-123,-111,-113,-115,-126,-108,-125,-118,-110,-93,-115,-101,-98,-96,-112,-100,-103,0,-75,-89,-362,-362,-414,-412,-393,-260,-729,-739,-732,-494,-494,-487,-689,-681,-691,-683,-664,-636,-766,-658,-1645,-1632,-1014]} 1. d4 Nf6 2. Nf3 d5 3. Bf4 c5 4. e3 Nc6 5. c3 Qb6 6. Qb3 c4 7. Qc2 Bf5 8. Qc1 e6 9. Nbd2 Be7 10. Be2 {D02: 1 d4 d5 2 Nf3 sidelines, including 2...Nf6 3 g3 and 2...Nf6 3 Bf4.} O-O 11. O-O h6 12. h3 {The position is equal.} Rac8 13. Bd1 Qd8 14. Bc2 b5 15. a3 a5 16. Re1 {[#]} Re8 $146 ({Predecessor:} 16... Nh5 17. Bxf5 exf5 18. Qc2 Qd7 19. Bh2 a4 20. Ne5 Nxe5 21. dxe5 Rcd8 22. Nf3 Bc5 {½-½ (47) Bendana Guerrero,G (2382)-Ferreira,N (2498) ICCF email 2005}) 17. e4 (17. Ne5 {is interesting.} Qb6 18. e4 dxe4 19. a4 Nxe5 20. Bxe5 b4 21. Bxf6 Bxf6 22. Bxe4 Bxe4 23. Nxe4 Be7 24. Nd2) 17... dxe4 18. Nxe4 Nxe4 (18... Nd5 {looks sharper.} 19. Bh2 a4 20. Qb1 Na5 21. Ned2 g6) 19. Bxe4 Bxe4 20. Rxe4 Qd5 21. Re1 Bf8 22. Qe3 Ne7 23. Qe2 Qf5 24. Bg3 Nd5 25. Qd2 b4 26. axb4 axb4 27. Ra5 (27. Rec1 $11 {remains equal.}) 27... bxc3 $1 $17 28. bxc3 Qd3 $1 {[%cal Rd3d2] Strongly threatening ...Qxd2.} 29. Rc1 Qxd2 $1 30. Nxd2 {[#]} Nxc3 $1 {[%mdl 576] Remove Defender, Decoy} 31. Rxc3 Bb4 $1 {[%csl LRa5,LRc3][%mdl 64] Double Attack} 32. Raa3 Bxa3 33. Rxa3 c3 34. Nb3 c2 {[%mdl 1024] Black has strong compensation.} 35. Nc1 {[#]} Red8 (35... Rc4 $1 $17 {[%cal Rc4d4]} 36. Kf1 Rxd4) 36. Rd3 (36. Ra4 $11) 36... Rc4 37. Kf1 $2 {[%mdl 8192] Loses the game.} (37. d5 $17 {was the only chance.}) 37... Rcxd4 $19 ({Less strong is} 37... Rdxd4 38. Ke2 $15) 38. Rxd4 Rxd4 39. Ke2 e5 40. f3 $2 (40. Bxe5 Re4+ {[%mdl 64] Double Attack} 41. Kd3 Rxe5 42. Kxc2) 40... Rd1 {Black is clearly winning.} 41. Nb3 Rb1 42. Kd2 Rxb3 43. Kxc2 {KR-KB} (43. Bxe5 $142 Rd3+ 44. Kc1) 43... Rb5 44. Be1 f6 45. Bd2 Kf7 46. g4 h5 47. Kd3 h4 48. Bc1 {Weighted Error Value: White=0.71/Black=0.13} 0-1

[Event "II Torneo Paterna-B 2021"]
[Site "Paterna"]
[Date "2021.10.18"]
[Round "4.3"]
[White "Howell, David W L"]
[Black "Roca Galarza, Jose"]
[Result "1-0"]
[WhiteElo "2658"]
[BlackElo "2297"]
[Annotator "TA"]
[PlyCount "93"]
[EventDate "2021.10.18"]
[EventType "tourn"]
[EventCountry "ESP"]
[SourceTitle "playchess.com"]
[Source "ChessBase"]
[SourceQuality "1"]

{[%evp 14,93,-22,-33,0,-6,-8,-12,0,-22,0,0,0,-4,0,0,0,0,24,24,27,24,33,25,21,22,30,25,29,31,25,12,8,2,16,22,28,-52,8,7,0,0,11,10,10,8,17,7,15,0,0,0,0,0,0,0,0,0,0,-7,0,-32,-33,-35,-25,-74,0,-67,0,-126,0,-52,0,-145,0,-52,82,81,88,85,166,160]} 1. e4 Nf6 2. d3 e5 3. Nf3 Nc6 4. Be2 d5 5. Nbd2 Bc5 6. O-O O-O 7. c3 a5 8. Qc2 b6 {C44: Ponziani Opening and Scotch Gambit.} 9. h3 Re8 10. Re1 {[#]} Ba6 $146 {The position is equal.} ({Predecessor:} 10... h6 11. a4 Bb7 12. Nf1 Bd6 13. Ng3 Ne7 14. Nh4 c5 15. Bf3 Qc7 16. exd5 Nexd5 {0-1 (42) Rossi,C (2367)-Solleveld,M (2468) Cork 2005}) 11. Nf1 h6 12. Ng3 Qd7 13. exd5 Nxd5 14. Bd2 Rad8 15. Rad1 Nf4 16. Bxf4 exf4 17. Ne4 Bf8 18. Bf1 f5 19. Ned2 Rxe1 20. Nxe1 g5 21. d4 Bxf1 22. Nxf1 Bg7 23. Qe2 Kf8 24. Nd3 Qd5 25. Nd2 (25. a3 $11) 25... Re8 (25... Qxa2 $15 26. h4 Bf6) 26. Qf3 $11 Qxf3 27. Nxf3 Re2 28. Kf1 Re8 29. a4 Bf6 30. Nd2 Ne7 31. Re1 Nc8 32. Rxe8+ Kxe8 {[%mdl 4096] Endgame KBN-KNN} 33. Nc4 Ke7 34. Ke2 Ke6 35. b3 Kd5 36. Nd2 Nd6 37. Nf3 Ne4 38. c4+ Kd6 39. d5 h5 (39... Nc5 $1 $17 {[%cal Rc5b3]} 40. Nc1 c6) 40. Nd2 (40. Nfe1 $11) 40... Bc3 (40... Nc3+ $15 41. Ke1 h4) 41. Nf1 (41. Nb1 $11 {remains equal.}) 41... Bd4 (41... Nc5 $1 $17 42. Nc1 Ke5) 42. Nd2 (42. h4 $1 $11) 42... Bc3 (42... Bf6 $15) 43. Nf1 $1 $17 {[#]} Bd4 ({Better is} 43... Nc5 $1 $17 44. Nc1 Ke5) 44. f3 ({White should try} 44. Nd2 $11) 44... Nf6 {[#]} (44... Nc5 $15 45. Nc1 Bb2) 45. h4 $1 $16 {[%cal Rh4g5]} gxh4 46. Nxf4 Be5 (46... Bg1 $16) 47. Nd3 {Weighted Error Value: White=0.20/Black=0.27} 1-0

[Event "II Torneo Paterna-B 2021"]
[Site "Paterna"]
[Date "2021.10.18"]
[Round "5.1"]
[White "Gimeno Higueras, Roberto"]
[Black "Luque Saiz, Andres"]
[Result "1-0"]
[WhiteElo "2166"]
[BlackElo "2307"]
[Annotator "TA"]
[PlyCount "103"]
[EventDate "2021.10.18"]
[EventType "tourn"]
[EventCountry "ESP"]
[SourceTitle "playchess.com"]
[Source "ChessBase"]
[SourceQuality "1"]

{[%evp 9,103,14,36,35,40,41,62,4,14,6,26,-8,0,-4,29,28,39,22,18,20,31,35,77,92,81,78,312,310,325,325,323,301,312,314,325,313,369,363,356,331,422,410,407,343,424,414,460,471,476,450,481,481,447,446,438,402,402,397,369,262,511,505,486,491,573,564,629,555,550,584,561,570,554,540,709,700,748,789,768,765,1018,1023,1278,1210,1097,948,1247,1237,1227,1227,1198,1177,1327,1119,1037,1011]} 1. d4 d5 2. Nf3 Nf6 3. e3 e6 4. Bd3 Bd6 5. Nbd2 b6 6. e4 {D05: Colle System with ...e6.} dxe4 7. Nxe4 Bb7 8. Nxd6+ (8. Nxf6+ $1 $14 gxf6 9. O-O) 8... Qxd6 $11 9. c3 O-O {[#]} 10. Bg5 $146 ({Predecessor:} 10. h3 Nbd7 11. O-O c5 12. Be3 Rac8 13. Ne5 Nxe5 14. dxe5 Qxe5 15. Re1 Rfd8 16. Qc2 {0-1 (37) Koehler,H (1393)-Mueller Schwartz,J (1679) Miedzyzdroje 2016}) 10... Nbd7 11. Bh4 Bxf3 12. Qxf3 e5 {[#] Hoping for ...e4!} 13. O-O exd4 14. Rfd1 c5 15. Bg3 Qd5 16. Qxd5 Nxd5 17. cxd4 Rfe8 $2 {This move loses the game for Black.} (17... cxd4 $16 18. Bc4 N7f6) 18. Bb5 $18 N5f6 19. dxc5 Nxc5 20. Bxe8 Rxe8 21. Re1 Rc8 22. Rac1 {[#] Strongly threatening b4.} Rd8 23. Rcd1 Rc8 24. f3 h6 25. Re7 a5 26. b3 Ne6 27. Rb7 Rc2 28. a4 Rc6 29. Rd6 Rc1+ 30. Kf2 Rc2+ 31. Kf1 Rc1+ 32. Ke2 Rc2+ 33. Kd1 Rxg2 34. Rdxb6 Nc5 $2 (34... Nd4) 35. Rb8+ {White is clearly winning.} Kh7 36. Rd6 Rb2 37. Be5 Rf2 38. Bxf6 gxf6 39. Rxf6 {[%mdl 4096] Endgame KRR-KRN} Kg7 40. Rf5 Ne6 41. Rxa5 Rxf3 42. Rd5 Rf2 43. Rd2 Rf1+ 44. Kc2 Rf4 45. a5 Nd4+ 46. Kb2 Nc6 47. Rb5 Nb4 48. Ka3 Na6 49. Rd6 Nc7 50. Rb7 Ne8 51. Rdd7 Rf1 52. b4 {Weighted Error Value: White=0.14/Black=0.41} 1-0

[Event "II Torneo Paterna-B 2021"]
[Site "Paterna"]
[Date "2021.10.18"]
[Round "5.2"]
[White "Roca Galarza, Jose"]
[Black "Pallardo Lozoya, Jose Vicente"]
[Result "0-1"]
[WhiteElo "2297"]
[BlackElo "2357"]
[Annotator "TA"]
[PlyCount "134"]
[EventDate "2021.10.18"]
[EventType "tourn"]
[EventCountry "ESP"]
[SourceTitle "playchess.com"]
[Source "ChessBase"]
[SourceQuality "1"]

{[%evp 20,134,14,16,32,26,25,0,0,0,0,18,12,0,15,8,70,79,246,37,66,31,39,12,37,43,20,-53,-53,-43,-29,-24,-51,-53,-37,-65,-33,-58,-63,-68,-17,-27,-3,-7,-6,-15,0,-32,-25,-70,161,-135,-135,-135,-127,-218,-218,-218,-178,-368,-356,-387,-191,-199,-198,-404,-153,-159,-139,-431,-198,-553,-548,-1386,-1386,-1386,-1386,-1386,-879,-1194,-164,-932,-604,-565,-164,-164,-164,-164,-164,-164,-164,-1787,-1768,-1768,-1621,-1580,-1566,-1028,-153,-29975,-29976,-29976,-29977,-29977,-29978,-29978,-29979,-29979,-29980,-29980,-29981,-29981,-29982,-29982,-29983,-29983,-29984]} 1. Nf3 d5 2. d4 Nf6 3. c4 dxc4 4. e3 e6 5. Bxc4 a6 6. O-O b5 7. Bd3 Bb7 8. a4 b4 9. Nbd2 Nbd7 10. b3 c5 11. Bb2 Be7 {D26: Queen's Gambit Accepted: 4 e3 e6 5 Bxc5 c5 sidelines.} 12. Rc1 O-O 13. Nc4 {[#]} Rc8 $146 {The position is equal.} ({Predecessor:} 13... cxd4 14. Nxd4 Nc5 15. Bc2 Nfe4 16. Qg4 f5 17. Nxf5 Bf6 18. Nxg7 Ng5 19. Nh5 Bxb2 20. Nxb2 h6 21. h4 Kh8 22. hxg5 hxg5 23. Nf4 gxf4 24. Qh5+ Kg7 25. Qg6+ {1-0 (25) Aradhya,G (2198)-Potapova,M (2260) Chess.com INT 2021}) 14. Qe2 cxd4 15. Bxd4 Nc5 {Threatens to win with ...Bxf3.} 16. Bc2 Nfd7 17. Rfd1 Qc7 (17... Bd5 $11) 18. Nfe5 $14 {aiming for Nxd7.} f6 $2 (18... g6 $16) 19. Qh5 $2 f5 20. a5 Nf6 21. Qe2 Rcd8 22. f3 Nd5 23. Nd3 (23. Qe1 $11) 23... Nc3 $15 24. Bxc3 bxc3 25. Nf4 e5 26. Nd3 Nxd3 27. Rxd3 e4 28. Rxd8 Rxd8 29. fxe4 fxe4 (29... Bb4 $15) 30. Rd1 $11 Bb4 31. Rxd8+ Qxd8 32. Qg4 Qe7 33. Qf5 Bc5 34. h3 h6 $2 (34... g6 $15 {stays ahead.} 35. Qf4 Kg7) 35. Kf2 $2 (35. b4 $1 $18 {[%cal Rb4c5]} Bd6 36. Nxd6 Qxd6 37. Bb3+ Kh8 38. b5) 35... Qf7 $36 {[%mdl 2048] Black has strong initiative.} 36. Qxf7+ Kxf7 {[%mdl 4096] Endgame KBB-KBN} 37. g4 (37. Ke1 $17) 37... Bd5 $19 38. Kg3 Kf6 39. h4 $2 (39. Kf2) 39... g5 40. hxg5+ hxg5 (40... Kxg5 $142 41. Bb1 Be6 42. Bxe4 Bxg4) 41. Kf2 Bb4 42. Nb6 $2 (42. Bb1 {was necessary.}) 42... Bc6 $2 (42... Be6 $19 {is more deadly.} 43. Bxe4 Bxb3) 43. Nc4 $17 Ke6 44. Kg3 $2 {[%mdl 8192]} (44. Ke2 $17 {might work better.}) 44... Bd5 (44... Kd5 $142 45. Kf2 Be7) 45. Nb6 $2 (45. Kf2 {nothing else works.}) 45... Bxa5 $19 46. Nxd5 Kxd5 {KB-KB} 47. Kf2 Bb6 48. Ke2 Bc5 49. Bb1 Ba3 $2 (49... Ba7 50. Bc2 Bb6) 50. Bc2 $2 (50. Kd1) 50... Bc1 51. Bb1 a5 $2 (51... Bd2 52. Bc2 Bc1) 52. Bc2 Ba3 53. Bb1 Bd6 54. Bc2 Bc7 55. Bb1 $2 (55. Kd1) 55... Bb6 56. Bc2 Kc5 57. Bxe4 Kb4 58. Bc2 {[#]} Ka3 $1 {Hoping for ...Kb2.} 59. Kd3 $2 {[#]} (59. e4 $17) 59... Kb2 $1 {Black mates.} 60. e4 Bc7 61. Bd1 Be5 62. Bc2 Kc1 63. b4 axb4 64. Ba4 Kb2 65. Kc4 c2 66. Bxc2 Kxc2 67. Kxb4 Kd3 {Weighted Error Value: White=0.96/Black=0.76} 0-1

[Event "II Torneo Paterna-B 2021"]
[Site "Paterna"]
[Date "2021.10.18"]
[Round "5.3"]
[White "Nihal Sarin"]
[Black "Howell, David W L"]
[Result "1/2-1/2"]
[WhiteElo "2652"]
[BlackElo "2658"]
[Annotator "TA"]
[PlyCount "176"]
[EventDate "2021.10.18"]
[EventType "tourn"]
[EventCountry "ESP"]
[SourceTitle "playchess.com"]
[Source "ChessBase"]
[SourceQuality "1"]

{[%evp 10,176,14,-2,0,-14,0,4,23,6,30,0,24,17,21,18,24,20,41,43,45,34,24,24,27,24,43,24,37,24,24,24,38,49,39,39,44,44,54,47,54,52,126,116,95,37,109,37,31,0,0,0,6,14,43,24,50,7,7,7,52,47,50,0,0,0,-7,-62,0,0,0,0,0,0,0,0,91,70,104,104,104,104,124,137,145,145,145,145,145,145,145,134,125,131,172,172,161,164,144,123,118,67,149,144,203,126,146,118,122,122,140,134,143,139,141,122,141,103,102,100,108,55,90,90,93,91,97,104,97,83,85,74,80,74,77,77,77,0,0,0,0,0,0,0,0,0,0,0,0,0,0,0,0,0,0,0,0,0,0,0,0,0,0,0,0,0,0,0,0]} 1. Nf3 Nf6 2. g3 g6 3. Bg2 Bg7 4. O-O O-O 5. d4 d5 6. c3 a5 {D02: 1 d4 d5 2 Nf3 sidelines, including 2...Nf6 3 g3 and 2...Nf6 3 Bf4.} 7. a4 c6 8. Re1 Bf5 9. Nbd2 Na6 10. Nh4 {[#]} Be6 $146 ({Predecessor:} 10... Bg4 11. h3 Be6 12. e4 dxe4 13. Nxe4 Nxe4 14. Bxe4 Bxh3 15. g4 e5 16. g5 exd4 {0-1 (27) Sesar,A (1630)-Bubalovic,D (2211) Mali Losinj 2017}) 11. e4 dxe4 12. Nxe4 Nxe4 13. Bxe4 Bd5 14. Bxd5 cxd5 15. Bg5 Re8 16. Qb3 h6 17. Bd2 b6 18. Nf3 e6 19. h4 Nb8 20. Bf4 Nc6 21. Kg2 Ra7 22. Qb5 Qc8 23. Re2 Qb7 24. Rae1 Raa8 25. Qd3 Qa6 (25... Qe7 $14) 26. Qd2 $16 h5 27. Bh6 (27. Nh2 $16) 27... Qb7 (27... Ne7 $14) 28. Bxg7 ({White should try} 28. g4 $1 $16 {[%cal Rg4h5] Threatens to win with gxh5.} hxg4 29. Nh2) 28... Kxg7 $14 29. Qf4 Qb8 30. Qe3 (30. Qc1 {is interesting.} Ne7 31. Ne5 Nf5 32. Qd2 Qd8 33. Ra1) 30... Ra7 31. Ng5 Rae7 32. Qd3 Qd6 33. Qb5 Na7 34. Qa6 Qc6 35. Qd3 Nc8 36. Qc2 (36. g4 $5 {[%cal Rg4h5]} Rh8 37. Qg3 $11) 36... Nd6 37. Nf3 Nc4 38. Ng5 (38. Ne5 $11 Nxe5 39. Rxe5) 38... Nd6 (38... b5 $1 $15 39. axb5 Qxb5) 39. Nh3 b5 40. axb5 Qxb5 41. Nf4 Nf5 42. Ra1 Rc7 (42... e5 $11 43. Rxe5 Rxe5 44. dxe5 Rxe5) 43. Qa4 $1 $16 {[%cal Ra4b5]} Rb8 44. Qxa5 Qxa5 45. Rxa5 Rcb7 46. Nd3 Nd6 47. Ra2 Nc4 48. b4 Nd6 49. Nc5 Re7 50. Kf3 Nb5 {[#]} 51. Rec2 Nd6 52. Ke2 e5 53. dxe5 Rxe5+ 54. Kf3 Nb5 55. Ra5 ({White should play} 55. Ra1 $16) 55... Rf5+ (55... d4 $14) 56. Kg2 Nd6 (56... g5 $16) 57. Ra1 Nb5 58. Rd1 Ra8 59. Nb3 Ra3 60. Nd4 Nxd4 61. Rxd4 {[%mdl 4096] Endgame KRR-KRR} ({Much worse is} 61. cxd4 $6 Rb3 $11) 61... Rb3 62. Rd3 Kf6 63. Rcd2 Ke6 64. Re3+ Re5 {and if ...Rxe3 works, Black does fine.} 65. Rdd3 (65. Rf3 $16) 65... Rxe3 66. Rxe3+ $14 {KR-KR} Kd6 67. Kf3 d4 68. Rd3 Ke6 69. Rxd4 Rxc3+ 70. Ke2 Rb3 71. Kd2 Rb2+ 72. Kc3 Rxf2 {[#]} 73. b5 ({Better is} 73. Rd3 $1 $16) 73... Rf3+ $1 $11 {The position is equal.} 74. Rd3 (74. Kc4 {seems wilder.} Rxg3 75. b6 Rg1 76. Kb5 Rb1+ 77. Kc5) 74... Rxd3+ 75. Kxd3 {K3P-K3P} Kd5 76. b6 {aiming for b7.} Kc6 77. Ke4 f6 $1 (77... Kxb6 78. Ke5 $18) 78. b7 Kxb7 {K3P-KPP} 79. Kd5 Kc7 {White must now prevent ...Kd7.} 80. Ke6 g5 $1 81. Kxf6 gxh4 82. gxh4 {KP-KP} Kd7 83. Kg6 Ke8 84. Kxh5 (84. Kh6 {with more complications.} Kf8 85. Kxh5 Kg7 86. Kg5 Kh7 87. h5) 84... Kf8 85. Kg6 Kg8 86. h5 $1 Kh8 87. h6 Kg8 88. h7+ Kh8 {Black escapes into a draw.  Weighted Error Value: White=0.12/Black=0.17} 1/2-1/2

[Event "II Torneo Paterna-B 2021"]
[Site "Paterna"]
[Date "2021.10.18"]
[Round "6.1"]
[White "Gimeno Higueras, Roberto"]
[Black "Kovacevic, Slobodan"]
[Result "1-0"]
[WhiteElo "2166"]
[BlackElo "2221"]
[Annotator "TA"]
[PlyCount "112"]
[EventDate "2021.10.18"]
[EventType "tourn"]
[EventCountry "ESP"]
[SourceTitle "playchess.com"]
[Source "ChessBase"]
[SourceQuality "1"]

{[%evp 9,112,15,18,0,8,-8,-20,-18,-12,-16,-10,-12,-10,-20,0,-7,-11,-35,-8,-49,0,-81,0,-145,-139,-148,-135,-132,-145,-189,-138,-191,-150,-182,-137,-312,-131,-133,-129,-139,-104,-129,-141,-159,-171,-178,-169,-160,-161,-224,-170,-199,-166,-235,-240,-237,-213,-272,-246,-324,-336,-509,-494,-472,-493,-517,-531,-489,-500,-592,-576,-682,-586,-596,-563,-609,-512,-550,-510,-682,-544,-536,-498,-646,-524,-689,-554,-654,-644,-1029,-819,-802,-800,-822,-764,-1097,-1073,-1359,-1410,-29961,-29956,-6291,-5389,-1866,-1435]} 1. e4 c5 2. c3 e6 3. Nf3 Nc6 4. Bb5 Qb6 5. Na3 a6 {[#]} 6. Be2 $146 {B30: Sicilian: 2...Nc6 3 Bb5, lines without ...g6.} ({Predecessor:} 6. Ba4 Nge7 7. O-O Qc7 8. d4 b5 9. Bc2 cxd4 10. cxd4 Ng6 11. Be3 Be7 12. Rc1 {1-0 (48) Sokolin,L (2508)-Korobov,A (2698) St Petersburg 2018}) 6... Qc7 7. O-O Nf6 8. d3 {The position is equal.} b5 9. Bg5 Be7 10. Re1 O-O 11. Nc2 Bb7 12. Bf1 d6 13. Qd2 Ne5 14. Qf4 Rac8 15. Rad1 (15. Nxe5 $11 dxe5 16. Qg3) 15... c4 (15... Nxf3+ $17 16. gxf3 h6 17. Bxf6 Bxf6) 16. d4 (16. Nxe5 $11 dxe5 17. Qf3) 16... Ng6 $17 17. Qe3 Nxe4 18. Bxe7 Qxe7 19. Nb4 d5 (19... f5 $19 20. Nd2 a5) 20. g3 (20. Ne5 $17) 20... a5 21. Nc2 b4 22. h4 $2 (22. Ne5 $17) 22... Rfe8 (22... f5 $19 {is more deadly. Hoping for ...f4.} 23. h5 f4 $1) 23. h5 Nf8 24. Bg2 Nd7 25. Ne5 Nxe5 26. dxe5 {[%cal Rg2e4] [#]} Nc5 $1 27. cxb4 Nd3 28. bxa5 Nxe1 29. Rxe1 (29. Qxe1 $142 Rc5 30. h6) 29... Ra8 30. h6 g6 31. Nd4 (31. Qd2 {is a better defense.}) 31... Rxa5 $19 32. a3 Rb8 33. Qc3 Qd8 34. f4 Ra6 35. g4 (35. Bf3 {was necessary.}) 35... Qh4 {[%mdl 64] Double Attack} 36. f5 Qxh6 ({Resist} 36... Qxg4 37. fxe6 fxe6 38. Rf1 $19) 37. fxe6 fxe6 38. Rf1 Rf8 39. Rxf8+ Qxf8 40. Nb5 Qc5+ 41. Nd4 Ra8 42. Kh2 Qe7 43. Kg3 Rf8 44. Bf3 Bc8 45. Qe3 Kg7 46. Nb5 Bd7 47. Nd6 g5 48. a4 Bxa4 49. Qa3 {Threatens to win with Nf5+!} Qd7 50. Qe3 h6 51. Qc5 Bc6 52. Qd4 Kg8 53. Qd2 Qa7 {...Qg1+ is the strong threat.} 54. Qc2 Qg1+ 55. Bg2 Qe3+ 56. Kh2 Qxe5+ {[%mdl 32768] Weighted Error Value: White=0.45/Black=0.27. Loss on time!?} 1-0

[Event "II Torneo Paterna-B 2021"]
[Site "Paterna"]
[Date "2021.10.18"]
[Round "6.2"]
[White "Howell, David W L"]
[Black "Luque Saiz, Andres"]
[Result "1-0"]
[WhiteElo "2658"]
[BlackElo "2307"]
[Annotator "TA"]
[PlyCount "43"]
[EventDate "2021.10.18"]
[EventType "tourn"]
[EventCountry "ESP"]
[SourceTitle "playchess.com"]
[Source "ChessBase"]
[SourceQuality "1"]

{[%evp 9,43,17,17,19,28,30,27,4,26,18,45,30,35,23,27,17,33,19,55,45,82,68,85,84,221,227,251,191,234,229,372,351,556,559,635,632]} 1. e4 c6 2. d3 d5 3. Nf3 g6 4. e5 Bg7 5. d4 f6 6. exf6 {B10: Caro-Kann: 2 d3 and 2 c4.} Nxf6 7. Be2 O-O 8. O-O {White has an edge.} Bf5 9. c4 Nbd7 10. Nc3 {[#]} e6 $146 ({Predecessor:} 10... Qb6 11. b3 Rad8 12. Ba3 Rde8 13. cxd5 cxd5 14. Na4 Qa5 15. Qe1 Qxe1 16. Rfxe1 a6 {0-1 (48) Alekseenko,K (2696)-Rahman,Z (2415) Chess.com INT 2020}) 11. h3 Qc7 12. Be3 Rae8 13. Rc1 Kh8 14. Re1 Be4 15. Nd2 e5 16. Ndxe4 dxe4 {This move loses the game for Black.} (16... exd4 $16 17. Bxd4 (17. Nxf6 dxe3 18. Ng4 d4 $17) 17... dxe4) 17. d5 $18 Nb6 18. Qb3 cxd5 19. cxd5 Qd8 (19... Qf7 {was called for.} 20. Rcd1 Rd8) 20. Red1 Rf7 (20... Qb8 $142 21. Nb5 Rd8) 21. d6 Rd7 22. Bb5 {[%mdl 64] Skewer.  Weighted Error Value: White=0.07/Black=0.43} 1-0